Statistics for Nazi Germany Country Quiz

Click here to take the quiz!

General Stats

  • This quiz has been taken 76 times
  • The average score is 6 of 15

Answer Stats

HintAnswer% Correct
Who was the only Nazi leader?Adolf Hitler
99%
What nationality was the above?Austrian
81%
What side were the Nazis on in WWII?Axis
78%
What is the name of the Nazi symbol?Swastika
55%
Which country got Berlin in Allied Occupied Germany? (post-WWII)Soviet Union
54%
What was the deadliest battle involving the Nazis?Battle of Stalingrad
46%
What was the name of the Nazi Secret Police?Gestapo
36%
How long did it take the Nazis to invade Denmark?6 hours
28%
What did Hitler want to rename Berlin?Germania
25%
What day did the Nazis invade Poland?1st September 1939
22%
What percentage of votes did the Nazi Party get?37%
12%
What was the deadliest Nazi Concentration Camp?Auchwitz
7%
Who was the Party Minister of the Nazi Party after Hitler's death?Martin Bormann
7%
What was the population of Nazi Germany at the start of WWII?~80,000,000
3%
What was the total number of Nazi soldiers between 1935-1945? (to the nearest million)14,000,000
1%

Score Distribution

Percentile by Number Answered

Percent of People with Each Score

Your Score History

You have not taken this quiz